[Event "FICGS W-ch st2 g01 email"]
[Site "FICGS email"]
[Date "2013.07.30"]
[Round "1"]
[White "Wosch, Arkadiusz Janusz"]
[Black "Lopez, Jose M"]
[Result "1/2-1/2"]
[WhiteElo "2205"]
[BlackElo "2325"]
[PlyCount "133"]
[EventDate "2013.??.??"]
[EventType "tourn (corr)"]
[EventRounds "8"]
[SourceTitle "Corr 2022"]
[Source "ChessBase"]
[SourceDate "2021.10.24"]
[SourceVersion "1"]
[SourceVersionDate "2021.10.24"]
[SourceQuality "1"]

1. e4 c5 2. Nf3 Nc6 3. d4 cxd4 4. Nxd4 Nf6 5. Nc3 e5 6. Ndb5 d6 7. Bg5 a6 8. Na3 b5 9. Nd5 Be7 10. Bxf6 Bxf6 11. c3 0-0 12. Nc2 Bg5 13. a4 bxa4 14. Rxa4 a5 15. Bc4 Rb8 16. b3 Kh8 17. 0-0 f5 18. exf5 Bxf5 19. Nce3 Bg6 20. Qe2 Bf7 21. Nf5 Qd7 22. Ng3 Bd8 23. Ne4 Ne7 24. Nxe7 Qxe7 25. Qd3 Bxc4 26. bxc4 Bc7 27. Ra2 Qe6 28. Rd1 h6 29. g3 Rfd8 30. Qd5 Qg4 31. Kg2 Qf5 32. Re1 Kh7 33. Re3 Qc8 34. h4 Qb7 35. Rd3 Qa8 36. Ra4 Qa7 37. Ra2 Qa8 38. f3 Qxd5 39. Rxd5 Rb7 40. c5 dxc5 41. Rxc5 Ra7 42. Ra4 Rd3 43. Rb5 Kg6 44. Kf2 Rd1 45. Ke2 Rg1 46. Rd5 Rb7 47. Kd3 Rgb1 48. Nd2 e4+ 49. Rxe4 R1b2 50. h5+ Kh7 51. f4 R2b5 52. c4 Rxd5+ 53. cxd5 Rb5 54. Kc4 Rb2 55. Kc3 Rb5 56. Rc4 Bxf4 57. Rxf4 Rxd5 58. g4 g6 59. Nf3 gxh5 60. Rf5 Rd7 61. gxh5 Ra7 62. Kb3 Kg7 63. Nd4 a4+ 64. Ka3 Ra6 65. Rc5 Kf6 66. Rf5+ Kg7 67. Rd5 1/2-1/2

[Event "FICGS W-ch final email"]
[Site "FICGS email"]
[Date "2013.07.29"]
[Round "1"]
[White "Lopez, Jose M"]
[Black "Gray, Garvin"]
[Result "1/2-1/2"]
[WhiteElo "2325"]
[BlackElo "2308"]
[PlyCount "110"]
[EventDate "2013.??.??"]
[EventType "tourn (corr)"]
[EventRounds "6"]
[EventCategory "5"]
[SourceTitle "Corr 2022"]
[Source "ChessBase"]
[SourceDate "2021.10.24"]
[SourceVersion "1"]
[SourceVersionDate "2021.10.24"]
[SourceQuality "1"]

1. e4 c5 2. Nf3 Nc6 3. d4 cxd4 4. Nxd4 Nf6 5. Nc3 d6 6. Bg5 e6 7. Qd2 a6 8. 0-0-0 h6 9. Be3 Be7 10. f3 Nxd4 11. Bxd4 b5 12. Bxf6 Bxf6 13. Qxd6 Qxd6 14. Rxd6 Ke7 15. Rd3 Bb7 16. a3 Bc6 17. Kb1 a5 18. Na2 h5 19. Rd2 Rhb8 20. c3 h4 21. Be2 g5 22. h3 Be5 23. Bd3 Bf4 24. Rdd1 Rb7 25. Bc2 Rc7 26. Rd3 Bb7 27. Rg1 Ba6 28. b4 Rac8 29. Kb2 Be5 30. Re1 a4 31. Bb1 Bb7 32. Rc1 f5 33. exf5 exf5 34. Re1 Kf6 35. Bc2 Bc6 36. Re2 Re7 37. Rd1 Ree8 38. Bd3 Red8 39. Nc1 Rd5 40. Bc2 Bb7 41. Rd3 Rxd3 42. Bxd3 Bxc3+ 43. Kb1 Bd4 44. Bxb5 g4 45. Rc2 Rxc2 46. Kxc2 gxf3 47. gxf3 Bxf3 48. Nd3 Be2 49. Bxa4 Bf1 50. Bc6 Bxh3 51. Kd2 Kg5 52. Ke2 Bg4+ 53. Kf1 h3 54. Nf2 Kh4 55. Nxg4 fxg4 1/2-1/2

[Event "FICGS W-ch st1 gN 02 email"]
[Site "FICGS email"]
[Date "2012.11.01"]
[Round "1"]
[White "Groves, Don"]
[Black "Lopez, Jose M"]
[Result "1/2-1/2"]
[WhiteElo "2164"]
[BlackElo "2191"]
[PlyCount "88"]
[EventDate "2012.??.??"]
[EventType "tourn (corr)"]
[EventRounds "6"]
[SourceTitle "Corr 2022"]
[Source "ChessBase"]
[SourceDate "2021.10.24"]
[SourceVersion "1"]
[SourceVersionDate "2021.10.24"]
[SourceQuality "1"]

1. d4 d5 2. c4 e6 3. Nc3 c6 4. Nf3 dxc4 5. a4 Bb4 6. e3 b5 7. Be2 Bb7 8. 0-0 a6 9. Bd2 Nf6 10. b3 cxb3 11. Qxb3 Be7 12. e4 0-0 13. Rfd1 b4 14. e5 Nfd7 15. Ne4 a5 16. Bg5 c5 17. Bxe7 Qxe7 18. Nd6 Bc6 19. Qe3 Nb6 20. dxc5 Nxa4 21. Nd4 Nc3 22. Rd3 Nxe2+ 23. Qxe2 g6 24. f4 a4 25. Qd2 b3 26. Re1 Kh8 27. Rh3 Rg8 28. Ree3 Rg7 29. Rhg3 Qa7 30. f5 exf5 31. N6xf5 Na6 32. Nxc6 Qxc5 33. Nxg7 a3 34. Kh1 b2 35. Re1 Qb5 36. h3 b1Q 37. Rxb1 Qxb1+ 38. Kh2 a2 39. Ra3 a1Q 40. Rxa1 Qxa1 41. Qf4 Kxg7 42. Qf6+ Kg8 43. Ne7+ Kf8 44. Nc6 Kg8 1/2-1/2

[Event "FICGS W-ch st1 gN 02 email"]
[Site "FICGS email"]
[Date "2012.11.01"]
[Round "1"]
[White "Lopez, Jose M"]
[Black "Rogers, Michael"]
[Result "1-0"]
[WhiteElo "2191"]
[BlackElo "2165"]
[PlyCount "103"]
[EventDate "2012.??.??"]
[EventType "tourn (corr)"]
[EventRounds "6"]
[SourceTitle "Corr 2022"]
[Source "ChessBase"]
[SourceDate "2021.10.24"]
[SourceVersion "1"]
[SourceVersionDate "2021.10.24"]
[SourceQuality "1"]

1. e4 e5 2. Nf3 Nc6 3. Bb5 f5 4. Nc3 Nd4 5. exf5 Nf6 6. 0-0 Nxb5 7. Nxb5 e4 8. Re1 Be7 9. Ng5 c6 10. Nd4 Qb6 11. c3 c5 12. Ne2 d5 13. d3 h6 14. Ne6 Bxe6 15. fxe6 0-0 16. Nf4 Rad8 17. Qe2 Rfe8 18. c4 exd3 19. Qxd3 dxc4 20. Qg6 Bd6 21. g3 Qc6 22. Qf7+ Kh7 23. Bd2 Bxf4 24. Bxf4 Qf3 25. Rac1 Ng4 26. Rf1 Nf6 27. Rxc4 Rd1 28. Rc1 Rxc1 29. Rxc1 Qe4 30. Rxc5 Qe1+ 31. Kg2 Qe4+ 32. Kh3 Rxe6 33. f3 Qe2 34. Rc7 Ne8 35. Qf5+ Rg6 36. Rc3 Qxb2 37. Rc2 Qa1 38. Qd3 Qf6 39. Kg2 Qa6 40. Qe4 Nd6 41. Qd5 Qb5 42. Qxb5 Nxb5 43. Be5 Ra6 44. Kh3 h5 45. Rc5 Nd6 46. Bxd6 Rxd6 47. Rxh5+ Kg8 48. Ra5 a6 49. g4 Kf7 50. Kg3 g6 51. Rc5 Rd2 52. Rc7+ 1-0

[Event "FICGS W-ch st1 gN 03 email"]
[Site "FICGS email"]
[Date "2012.01.01"]
[Round "1"]
[White "Lopez, Jose M"]
[Black "Gazi, Miroslav"]
[Result "1/2-1/2"]
[WhiteElo "2204"]
[BlackElo "2271"]
[PlyCount "61"]
[EventDate "2012.??.??"]
[EventType "tourn (corr)"]
[EventRounds "6"]
[SourceTitle "Corr 2022"]
[Source "ChessBase"]
[SourceDate "2021.10.24"]
[SourceVersion "1"]
[SourceVersionDate "2021.10.24"]
[SourceQuality "1"]

1. e4 c5 2. Nf3 d6 3. d4 cxd4 4. Nxd4 Nf6 5. Nc3 a6 6. f3 e5 7. Nb3 Be6 8. Be3 h5 9. Qd2 Nbd7 10. Nd5 Bxd5 11. exd5 Qc7 12. c4 b6 13. Bd3 g6 14. 0-0 Bg7 15. Qf2 0-0 16. h3 Rae8 17. Rae1 Rb8 18. Rc1 Nc5 19. Nxc5 bxc5 20. b3 a5 21. Rb1 a4 22. bxa4 Ra8 23. Bc2 Nd7 24. Qe2 Nb6 25. Bd2 Nxa4 26. Rb3 Rfb8 27. Rxb8+ Qxb8 28. Rb1 Qd8 29. Rb7 Qc8 30. Rb3 Qd8 31. Rb7 1/2-1/2

[Event "FICGS W-ch st1 gN 03 email"]
[Site "FICGS email"]
[Date "2012.01.01"]
[Round "1"]
[White "Lopez, Jose M"]
[Black "Kopasov, Evgeny Aleksandrovi"]
[Result "1-0"]
[WhiteElo "2204"]
[BlackElo "2201"]
[PlyCount "103"]
[EventDate "2012.??.??"]
[EventType "tourn (corr)"]
[EventRounds "6"]
[SourceTitle "Corr 2022"]
[Source "ChessBase"]
[SourceDate "2021.10.24"]
[SourceVersion "1"]
[SourceVersionDate "2021.10.24"]
[SourceQuality "1"]

1. e4 c5 2. Nf3 d6 3. d4 cxd4 4. Nxd4 Nf6 5. Nc3 a6 6. f3 e5 7. Nb3 Be6 8. Be3 Be7 9. Qd2 0-0 10. 0-0-0 a5 11. a4 Nc6 12. g4 Nb4 13. Kb1 Rc8 14. g5 Nh5 15. Rg1 Qc7 16. Qf2 Nf4 17. Bxf4 exf4 18. Nd4 Qb6 19. Rg2 Qc5 20. h4 Rfd8 21. Qe1 g6 22. Nxe6 fxe6 23. Rgd2 Bf8 24. Qe2 Qe5 25. Nb5 Na6 26. Nd4 Nc5 27. Qb5 Re8 28. Bc4 Kh8 29. c3 Qg7 30. Rh1 Qf7 31. Ba2 d5 32. h5 dxe4 33. Rdh2 Kg8 34. hxg6 Qxg6 35. Ka1 Re7 36. fxe4 f3 37. Nxf3 Qe8 38. Qe2 Qxa4 39. Nd4 Rd8 40. Qf3 Bg7 41. Rxh7 Bxd4 42. Qh3 Nb3+ 43. Kb1 Nd2+ 44. Kc1 Nb3+ 45. Bxb3 Qa1+ 46. Kc2 Qxh1 47. Bxe6+ Rxe6 48. Qxh1 Bg7 49. Rh2 Rd7 50. Qf1 b6 51. Qf5 Ree7 52. Qg6 1-0

[Event "FICGS rapid A 000117 email"]
[Site "FICGS email"]
[Date "2011.11.04"]
[Round "1"]
[White "Nenciulescu, Silviu"]
[Black "Lopez, Jose M"]
[Result "1/2-1/2"]
[WhiteElo "1960"]
[BlackElo "2071"]
[PlyCount "55"]
[EventDate "2011.??.??"]
[EventType "tourn (rapid)"]
[SourceTitle "Corr 2022"]
[Source "ChessBase"]
[SourceDate "2021.10.24"]
[SourceVersion "1"]
[SourceVersionDate "2021.10.24"]
[SourceQuality "1"]

1. d4 d5 2. c4 e6 3. Nc3 c6 4. Nf3 dxc4 5. Bg5 Be7 6. Bxe7 Nxe7 7. a4 Nd5 8. a5 c5 9. dxc5 Nxc3 10. Qxd8+ Kxd8 11. bxc3 Nd7 12. Rd1 Ke7 13. c6 bxc6 14. Nd4 c5 15. Nc6+ Kf6 16. Rb1 Ne5 17. Nxe5 Kxe5 18. f4+ Kd6 19. e4 Ba6 20. Kf2 Rab8 21. Be2 Kc7 22. e5 Rxb1 23. Rxb1 Rb8 24. Rxb8 Kxb8 25. h4 Bb5 26. Bf3 Kc7 27. h5 h6 28. Ke3 1/2-1/2